Building more effective organizations : HR management and performance in practice / (Record no. 2639)

000 -LEADER
fixed length control field 01650cam a2200397 a 4500
001 - CONTROL NUMBER
control field 14959346
003 - CONTROL NUMBER IDENTIFIER
control field OSt
005 - DATE AND TIME OF LATEST TRANSACTION
control field 20160810092023.0
008 - FIXED-LENGTH DATA ELEMENTS--GENERAL INFORMATION
fixed length control field 070809s2008 enka b 001 0 eng
010 ## - LIBRARY OF CONGRESS CONTROL NUMBER
LC control number 2007032994
015 ## - NATIONAL BIBLIOGRAPHY NUMBER
National bibliography number GBA766238
Source bnb
016 7# - NATIONAL BIBLIOGRAPHIC AGENCY CONTROL NUMBER
Record control number 013823728
Source Uk
020 ## - INTERNATIONAL STANDARD BOOK NUMBER
International Standard Book Number 9780521868549 (hardback)
020 ## - INTERNATIONAL STANDARD BOOK NUMBER
International Standard Book Number 0521868548 (hardback)
020 ## - INTERNATIONAL STANDARD BOOK NUMBER
International Standard Book Number 9780521688529 (pbk.)
020 ## - INTERNATIONAL STANDARD BOOK NUMBER
International Standard Book Number 0521688523 (pbk.)
035 ## - SYSTEM CONTROL NUMBER
System control number (OCoLC)ocn154706334
035 ## - SYSTEM CONTROL NUMBER
System control number (OCoLC)154706334
Canceled/invalid control number (OCoLC)154706396
040 ## - CATALOGING SOURCE
Original cataloging agency DLC
Transcribing agency DLC
Modifying agency BTCTA
-- BAKER
-- UKM
-- YDXCP
-- BWKUK
-- DLC
050 00 - LIBRARY OF CONGRESS CALL NUMBER
Classification number HF5549.B8739 2008
082 00 - DEWEY DECIMAL CLASSIFICATION NUMBER
Classification number 658.3
Edition number 22
245 00 - TITLE STATEMENT
Title Building more effective organizations : HR management and performance in practice /
Statement of responsibility, etc edited by Ronald J. Burke, Cary L. Cooper.
260 ## - PUBLICATION, DISTRIBUTION, ETC. (IMPRINT)
Place of publication, distribution, etc Cambridge, UK ;
-- New York :
Name of publisher, distributor, etc Cambridge University Press,
Date of publication, distribution, etc 2008.
300 ## - PHYSICAL DESCRIPTION
Extent xxv, 385 p. :
Other physical details ill. ;
Dimensions 26 cm.
504 ## - BIBLIOGRAPHY, ETC. NOTE
Bibliography, etc Includes bibliographical references and index.
650 #0 - SUBJECT ADDED ENTRY--TOPICAL TERM
Topical term or geographic name as entry element Personnel management.
650 #0 - SUBJECT ADDED ENTRY--TOPICAL TERM
Topical term or geographic name as entry element Organizational effectiveness.
700 1# - ADDED ENTRY--PERSONAL NAME
Personal name Burke, Ronald J.
700 1# - ADDED ENTRY--PERSONAL NAME
Personal name Cooper, Cary L.
856 42 - ELECTRONIC LOCATION AND ACCESS
Materials specified Contributor biographical information
Uniform Resource Identifier <a href="http://www.loc.gov/catdir/enhancements/fy0729/2007032994-b.html">http://www.loc.gov/catdir/enhancements/fy0729/2007032994-b.html</a>
856 42 - ELECTRONIC LOCATION AND ACCESS
Materials specified Publisher description
Uniform Resource Identifier <a href="http://www.loc.gov/catdir/enhancements/fy0729/2007032994-d.html">http://www.loc.gov/catdir/enhancements/fy0729/2007032994-d.html</a>
856 41 - ELECTRONIC LOCATION AND ACCESS
Materials specified Table of contents only
Uniform Resource Identifier <a href="http://www.loc.gov/catdir/enhancements/fy0729/2007032994-t.html">http://www.loc.gov/catdir/enhancements/fy0729/2007032994-t.html</a>
906 ## - LOCAL DATA ELEMENT F, LDF (RLIN)
a 7
b cbc
c orignew
d 1
e ecip
f 20
g y-gencatlg
942 ## - ADDED ENTRY ELEMENTS (KOHA)
Source of classification or shelving scheme
Koha item type Book
Holdings
Withdrawn status Lost status Source of classification or shelving scheme Damaged status Not for loan Home library Current library Shelving location Date acquired Total Checkouts Full call number Barcode Date last seen Copy number Price effective from Koha item type
          Riara University Library Riara University Library General stack 10/08/2016   HF5549.B8739 2008 7145/16 10/08/2016 C.1 10/08/2016 Book

Riara University Library,
P.O. Box 49940-00100,
Nairobi, Kenya.